00524nam a22001577a 4500020001800000040000900018082001800027100002700045245005000072250001600122260004200138650004700180942001400227999001900241952010600260 a9789332518537 cNUST a621.31042 WIL aWildi, Theodore918392 aElectrical Machines, Drives and Power Systems a6th Edition aNew Dehli:bPearson Education,c2016. aTEXTBOOKS-DME. ELECTRICAL MACHINES9112960 2ddccTEXT c594880d594880 00102ddc4070aCEMEbCEMEcTEXTd2023-05-31o621.31042 WILpCEME-48318r2023-05-31w2023-05-31yREF